Statistics for Host country and years of the soccer world cup - Click Quizz

Click here to take the quiz!

General Stats

  • This quiz has been taken 93 times
  • The average score is 12 of 18

Answer Stats

HintAnswer% Correct
Qatar2022
94%
Russia2018
87%
Canada/USA/Mexico2026
82%
Uruguay1930
79%
South Africa2010
79%
Brazil1950/2014
73%
England1966
73%
South Korea/Japan2002
73%
France1938/1998
71%
United-States (only)1994
69%
Germany1974/2006
58%
Switzerland1954
56%
Spain1982
56%
Italy1934/1990
55%
Sweden1958
55%
Mexico (only)1970/1986
52%
Argentina1978
45%
Chile1962
44%

Score Distribution

Percentile by Number Answered

Percent of People with Each Score

Your Score History

You have not taken this quiz